|
|
|
|
| LEADER |
00733cam a2200205 7i4500 |
| 001 |
0000002076 |
| 005 |
20191107090000.0 |
| 020 |
|
|
|a 0471259756 (hbk.)
|
| 020 |
|
|
|a 9780471259756
|
| 090 |
0 |
0 |
|a QA274
|b .L83 2003
|
| 100 |
1 |
|
|a Ludeman, Lonnie C
|
| 245 |
1 |
0 |
|a Random processes :
|b filtering, estimation, and detection
|c Lonnie C. Ludeman.
|
| 260 |
|
|
|a Hoboken, N.J.:
|b Wiley-Interscience,
|c 2003.
|
| 300 |
|
|
|a xvii, 608 p.:
|b ill.;
|c 25 cm.
|
| 504 |
|
|
|a Includes bibliographical references and index
|
| 650 |
0 |
0 |
|a Image processing
|
| 650 |
0 |
0 |
|a Stochastic processes
|
| 650 |
0 |
0 |
|a Signal processing
|
| 997 |
|
|
|a Engineering & Life Sciences, Faculty
|b Engineering, Department
|
| 999 |
|
|
|a 0000011084
|b BOK
|c OPEN SHELF
|e 2nd Floor, Bestari Jaya
|